00728nam a22002057a 4500999001900000005001700019010001500036020002600051035001400077037001300091082001000104100003000114245010300144250000900247260001500256270006400271300002500335942002400360952013800384 c181602d18160220210927100657.0 aENG-129970 c395.00a9789353887506 aEN-113502 bDBAD/PUB a152.4 aPurushothaman, Rajgopalan aEmotional intelligence:bReachig Escape Velocity in the Digital Era/cby Rajagopalan Purushothaman a2021 bSagec2021 bNew DelhiaBI/1-1 Mohan Cooperative Industrial Areae110044 axvi,196pc21cm (pbk) 2ddccENmPURh152.4 001040708NFICaBL4bBL4d2021-09-27eDBAD/PUBg395.00l11m3o152.4 PURpEN-113502r2026-05-09 13:35:05s2026-04-25t1v395.00yEN